000 00607nam a2200169 i 4500
001 83487
003 ES-MaACL
005 20230906174833.0
007 t|
008 041117s1923 fr ||||1| fre d
100 1 _aJackson, Chevalier.
_965805
245 1 0 _aEndoscopie (Bronchoscopie, Laryngoscopie, Ogophagoscopie) et Chirurgie du larynx /
_cpar Chevalier Jackson ; ouvrage traduit sur l'edition americaine originale par le Dr. Menier.
260 _aParis :
_b[s.n.],
_c1923 (
_fGuillemont et de Lamothe)
300 _a742 p., 5 lám. ;
_c25 cm.
700 1 _aMenier.
_980363
852 _aES-MaACL
_jB-11323
999 _c83487
_d83487